LEADER 00600naa a2200169 i 4500 001 000000303682 003 CaOOAMICUS 005 20180831172804.0 008 180831n xx u000 u und u 013 $a11462 040 $aSeMil$bita 100 1 $aBolis, Ezio,$d<1964- >.$0(OLS)http://semarc/name/19255 245 10$aIntroduzione. 773 0 $tSpiritualitą del cristiano come problema pastorale.$dCasale Monferrato (AL) : Piemme, 1991.$kQuaderni di studi e memorie$z88-384-1688-5$w()39622 900 1 $aBolis, Ezio Luca. 996 $6245$aIntroduzione$9(OLS)http://semarc/title/64410 LEADER 01087nam a2200181 i 4500 001 000000058214 003 CaOOAMICUS 005 19971111000000.0 008 971111n it u000 u ita u 013 $a29386 040 $aSeMil$bita 245 12$aL'Istituto Centrale del Restauro per Palazzo Te. [S.l. :$bs.n], stampa 1994 ([Italia] : Istituto Poligrafico e Zecca dello Stato). 2 v. (XIII, 182 p.)(XVII c. di tav. ripiegate) : ill. ; 29 cm. ((Si tratta del volume speciale 1994 del : Bollettino d' arte. 650 4$aMantova - Palazzo Te - Restauro.$0(OLS)http://semarc/subject/11712 650 4$aRestauro.$0(OLS)http://semarc/subject/10572 850 $aSeMil 852 $aSeMil$W1$xVenegono$y1$m36BIS 4 7/A B$j24367$B24367$CSeMilBibl$Z2$F24370 $85 961 $aOmaggio: Donazione 996 $6245$aL'Istituto Centrale del Restauro per Palazzo Te. [S.l. :$bs.n], stampa 1994 ([Italia] : Istituto Poligrafico e Zecca dello Stato). 2 v. (XIII, 182 p.)(XVII c. di tav. ripiegate) : ill. ; 29 cm. ((Si tratta del volume speciale 1994 del : Bollettino d' arte$9(OLS)http://semarc/title/90701